[Event "Sousse BICA op 1st"]
[Site "Sousse"]
[Date "2021.12.25"]
[Round "2"]
[White "Ftiees, Salah"]
[Black "Seifeddine, Affina"]
[Result "1/2-1/2"]
[WhiteElo "1797"]
[BlackElo "1487"]
[PlyCount "126"]
[EventDate "2021.12.24"]
[EventType "swiss"]
[EventRounds "9"]
[EventCountry "TUN"]
[SourceTitle "CBM 205 Extra"]
[Source "ChessBase"]
[SourceDate "2022.01.31"]
[SourceVersion "1"]
[SourceVersionDate "2022.01.31"]
[SourceQuality "1"]

1. e4 c5 2. Nf3 Nc6 3. Nc3 a6 4. a4 g6 5. Bc4 e6 6. d4 cxd4 7. Nxd4 Bg7 8. Nxc6 Bxc3+ 9. bxc3 bxc6 10. Qd6 Qe7 11. Qd3 d5 12. Bb3 h6 13. Ba3 Qf6 14. Qe3 Bd7 15. exd5 cxd5 16. Bxd5 Rc8 17. Bb2 Ne7 18. Bb3 0-0 19. 0-0-0 Nf5 20. Qf4 Bc6 21. c4 Qg5 22. Qxg5 hxg5 23. Rhg1 Rfd8 24. Rxd8+ Rxd8 25. Bf6 Rd7 26. Bxg5 Nd4 27. Kb2 Rb7 28. Kc3 Ne2+ 29. Kd2 Nxg1 30. f3 Bxf3 31. Be3 Rd7+ 32. Ke1 Rd1+ 33. Kf2 Be2 34. c5 a5 35. c6 Ba6 36. c7 Ne2 37. Bc4 Bc8 38. Kxe2 Rd6 39. Bb5 e5 40. h3 f5 41. Bd2 Kf7 42. Bxa5 Ke6 43. c3 Kd5 44. Bb4 Rf6 45. a5 f4 46. a6 Rxa6 47. Bxa6 Bxa6+ 48. Kf3 Bc8 49. h4 Ke6 50. c4 Kf5 51. g4+ Kf6 52. Bc3 Bb7+ 53. Kf2 Ke6 54. h5 gxh5 55. gxh5 Kf6 56. h6 Kg6 57. Bxe5 Kxh6 58. Bxf4+ Kg6 59. Ke3 Kf7 60. Kd4 Ke7 61. Kc5 Kd7 62. Kb6 Kc8 63. c5 Bh1 1/2-1/2

[Event "Sousse BICA op 1st"]
[Site "Sousse"]
[Date "2021.12.25"]
[Round "3"]
[White "Seifeddine, Affina"]
[Black "Bedoui, Ahmed Amine"]
[Result "0-1"]
[WhiteElo "1487"]
[BlackElo "1697"]
[PlyCount "106"]
[EventDate "2021.12.24"]
[EventType "swiss"]
[EventRounds "9"]
[EventCountry "TUN"]
[SourceTitle "CBM 205 Extra"]
[Source "ChessBase"]
[SourceDate "2022.01.31"]
[SourceVersion "1"]
[SourceVersionDate "2022.01.31"]
[SourceQuality "1"]

1. Nf3 d5 2. d4 Nf6 3. Nc3 h6 4. Bf4 a6 5. g3 Bf5 6. Bg2 Nc6 7. a3 e6 8. 0-0 Bd6 9. Bxd6 cxd6 10. Nh4 Bh7 11. e3 0-0 12. Bf3 Rc8 13. Ng2 Na5 14. Ne1 Nc4 15. Qc1 Qc7 16. Nd1 Ne4 17. Bxe4 dxe4 18. b3 Na5 19. Qb2 Bf5 20. Rc1 Bg4 21. c4 Qb6 22. Rb1 Qxb3 23. Qxb3 Nxb3 24. f3 Nd2 25. Rb2 Nxf3+ 26. Nxf3 Bxf3 27. Rc2 b5 28. c5 Rc6 29. Nb2 Rfc8 30. Rfc1 e5 31. cxd6 Rxc2 32. Rxc2 Bg4 33. Rxc8+ Bxc8 34. dxe5 f6 35. exf6 gxf6 36. Kf2 Kf7 37. a4 Ke6 38. axb5 axb5 39. Nd1 b4 40. Ke1 Kxd6 41. Kd2 Kc5 42. Nf2 Kd5 43. Kc2 Kc4 44. g4 Bb7 45. Kb2 b3 46. h3 Bd5 47. h4 Bc6 48. Nh3 Kd3 49. Kxb3 Kxe3 50. g5 hxg5 51. hxg5 Bd7 52. Ng1 fxg5 53. Kc3 Bf5 0-1